Balancing acts : (Record no. 4670)
[ view plain ]
| 000 -LEADER | |
|---|---|
| fixed length control field | 00659nam a2200169 4500 |
| 008 - FIXED-LENGTH DATA ELEMENTS--GENERAL INFORMATION | |
| fixed length control field | 240122b |||||||| |||| 00| 0 eng d |
| 020 ## - ISBN | |
| ISBN | 9789555801591 |
| 082 ## - DEWEY DECIMAL CLASSIFICATION NUMBER | |
| Classification number | 362.8292 |
| Item number | KOD |
| 942 ## - ADDED ENTRY ELEMENTS (KOHA) | |
| Item Type | Reports |
| 100 ## - MAIN ENTRY--PERSONAL NAME | |
| Personal Name | Kodikara, Chulani |
| 245 ## - TITLE STATEMENT | |
| Title | Balancing acts : |
| Sub Title | counselling for intimate partner violence against women in the two districts of Anuradhapura and Batticaloa |
| 260 ## - PUBLICATION, DISTRIBUTION, ETC. (IMPRINT) | |
| Place of Publication | Colombo : |
| Name of Publisher | International Centre for Ethnic Studies, |
| Date of Copyright | 2014 |
| 300 ## - PHYSICAL DESCRIPTION | |
| Extent | vi, 41 p. ; 30 cm. |
| Physical Details | Bibliography included |
| 440 ## - SERIES STATEMENT/ADDED ENTRY--TITLE | |
| Title | ICES working paper series |
| Volume | no. 6 |
| 650 ## - SUBJECT ADDED ENTRY--TOPICAL TERM | |
| Topical Term | Intimate partner violence -- Sri Lanka |
| 650 ## - SUBJECT ADDED ENTRY--TOPICAL TERM | |
| Topical Term | Women -- Violence against -- Sri Lanka |
| Withdrawn status | Lost status | Source of classification or shelving scheme | Damaged status | Not for loan | Permanent location | Current location | Date acquired | Total Checkouts | Full call number | Barcode | Date last seen | Price effective from | Koha item type |
|---|---|---|---|---|---|---|---|---|---|---|---|---|---|
| Dewey Decimal Classification | Resource center, Muslim Women's Research And Action Forum | Resource center, Muslim Women's Research And Action Forum | 2024-01-22 | 362.8292 KOD | RAF4908 | 2024-01-22 | 2024-01-22 | Reports |

